[Event "Kharkov Caissa op"]
[Site "Kharkov"]
[Date "2002.01.22"]
[Round "1"]
[White "Zubarev, Alexander2222"]
[Black "Posokhov, Dmitry"]
[Result "1-0"]
[WhiteElo "2480"]
[BlackElo "2176"]
[PlyCount "109"]
[EventDate "2002.01.22"]
[EventType "swiss"]
[EventRounds "9"]
[EventCountry "UKR"]
[SourceTitle "CBM 086 Extra"]
[Source "ChessBase"]
[SourceDate "2002.03.14"]
[SourceVersion "1"]
[SourceVersionDate "2002.03.14"]
[SourceQuality "1"]

1. d4 f5 2. Nc3 Nf6 3. Bg5 e6 4. e4 fxe4 5. Nxe4 Be7 6. Bxf6 Bxf6 7. Nf3 d6 8. Bd3 Nc6 9. c3 Qe7 10. Qb3 d5 11. Nxf6+ gxf6 12. 0-0-0 Qd6 13. Qc2 Qf4+ 14. Rd2 Bd7 15. Re1 0-0-0 16. Re3 Rhe8 17. Bb5 Na5 18. Bf1 Re7 19. g3 Qd6 20. Qd1 Be8 21. Nh4 Kb8 22. f4 Bg6 23. Nxg6 hxg6 24. Qg4 Rg8 25. Re1 g5 26. fxg5 Rxg5 27. Qf3 e5 28. dxe5 Rgxe5 29. Red1 c6 30. Qf4 Qe6 31. b4 Nc4 32. Bxc4 dxc4 33. Rd6 Qf5 34. Qxc4 Re2 35. R6d2 Rxd2 36. Rxd2 Re1+ 37. Rd1 Rxd1+ 38. Kxd1 Qh5+ 39. Qe2 Qg6 40. Kd2 a6 41. a4 Qb1 42. a5 Qa2+ 43. Kd3 Qb3 44. Qe8+ Ka7 45. Qe3+ Ka8 46. Qc5 Qd1+ 47. Ke4 Qe2+ 48. Kf5 Qxh2 49. g4 Qh6 50. Qd4 Qg5+ 51. Ke6 Qg6 52. Kd7 f5 53. Kc7 Qe8 54. gxf5 Qe7+ 55. Kb6 1-0